[Event "I Open Blau Escacs Calvia 2015 "]
[Site "Calvià ESP"]
[Date "2015.04.15"]
[Round "5.5"]
[White "Ponce Cano, Adrian"]
[Black "Tate, Emory"]
[Result "0-1"]
[WhiteElo "2200"]
[BlackElo "2256"]
[PlyCount "80"]
[EventDate "2015.04.11"]
[EventType "swiss"]
[EventRounds "9"]
[EventCountry "ESP"]
[Source "lmi"]
[SourceDate "2015.04.11"]

1. e4 e6 2. Qe2 Ne7 3. Nf3 d5 4. d3 a5 5. g3 a4 6. Bg2 c6 7. O-O Qb6 8. c3 Nd7
9. Na3 Qa6 10. e5 Nc5 11. Rd1 h6 12. Nc2 b5 13. Nfd4 Nd7 14. c4 bxc4 15. dxc4
Ng6 16. f4 Bc5 17. Be3 O-O 18. Kh1 Qb6 19. cxd5 cxd5 20. Rab1 Ba6 21. Qg4 Kh7
22. b4 axb3 23. axb3 Rac8 24. b4 Bxd4 25. Nxd4 Rc3 26. Bg1 Bc4 27. Qh5 Qb7 28.
Bh3 Bd3 29. Rb2 Be4+ 30. Bg2 Bxg2+ 31. Kxg2 Nc5 32. Rdb1 Nd3 33. Rb3 Rxb3 34.
Rxb3 Ndxf4+ 35. gxf4 Nxf4+ 36. Kf3 Nxh5 37. b5 f6 38. Nxe6 d4+ 39. Ke2 Qg2+ 40.
Kd3 Rc8 0-1

[Event "I Open Blau Escacs Calvia 2015 "]
[Site "Calvià ESP"]
[Date "2015.04.15"]
[Round "5.6"]
[White "Brull Mayol, Cosme"]
[Black "Lasinskas, Povilas"]
[Result "1/2-1/2"]
[WhiteElo "2253"]
[BlackElo "2193"]
[PlyCount "105"]
[EventDate "2015.04.11"]
[EventType "swiss"]
[EventRounds "9"]
[EventCountry "ESP"]
[Source "lmi"]
[SourceDate "2015.04.11"]

1. e4 e5 2. Nf3 Nc6 3. Bb5 a6 4. Ba4 Nf6 5. O-O b5 6. Bb3 Bc5 7. c3 d6 8. d4
Bb6 9. Be3 Bg4 10. Qd3 Bxf3 11. gxf3 Ne7 12. a4 O-O 13. axb5 axb5 14. Rxa8 Qxa8
15. Nd2 Ng6 16. Kh1 Qe8 17. Rg1 Nh5 18. Nf1 Nhf4 19. Qd2 Qc8 20. Bxf4 Nxf4 21.
Ne3 Qh3 22. Rg3 Qh5 23. Nd5 Nxd5 24. Bxd5 Kh8 25. Kg2 f6 26. f4 Qe8 27. f5 c6
28. Be6 Qe7 29. Rh3 Ra8 30. d5 c5 31. Qd3 h6 32. Qxb5 Rb8 33. Qe2 Qa7 34. c4
Ba5 35. Qg4 Bd2 36. b3 Bf4 37. Qd1 Qa2 38. Bd7 Qb2 39. Rd3 Ra8 40. Ba4 Rg8 41.
Qh5 Qc2 42. Qd1 Qb2 43. Qh5 Rf8 44. Bd7 Qb1 45. Qf3 Ra8 46. Ba4 g6 47. Qd1 Qb2
48. fxg6 Rg8 49. Qg4 Qc2 50. Qf5 Qxd3 51. Qxf6+ Rg7 52. Qf8+ Rg8 53. Qxh6+
1/2-1/2

[Event "I Open Blau Escacs Calvia 2015 "]
[Site "Calvià ESP"]
[Date "2015.04.15"]
[Round "5.7"]
[White "Nilsen, Joachim Birger"]
[Black "Abrahams, Daniel"]
[Result "1-0"]
[WhiteElo "2405"]
[BlackElo "2058"]
[PlyCount "67"]
[EventDate "2015.04.11"]
[EventType "swiss"]
[EventRounds "9"]
[EventCountry "ESP"]
[Source "lmi"]
[SourceDate "2015.04.11"]

1. Nf3 Nf6 2. c4 e6 3. g3 b6 4. Bg2 Bb7 5. O-O d6 6. d4 Nbd7 7. Nc3 Be7 8. d5
e5 9. e4 O-O 10. Rb1 a5 11. b3 Ne8 12. Ne1 g6 13. Bh6 Ng7 14. Nd3 Bg5 15. Bxg5
Qxg5 16. f4 Qe7 17. Qd2 f6 18. Nb5 Nb8 19. fxe5 fxe5 20. Rxf8+ Kxf8 21. a3 Na6
22. b4 axb4 23. axb4 Kg8 24. Ra1 Kf8 25. Qe3 Ne8 26. Bh3 Kg7 27. Rc1 c5 28.
dxc6 Bxc6 29. Nc3 Nac7 30. b5 Bd7 31. Bxd7 Qxd7 32. Qxb6 Qg4 33. Qe3 Kf7 34.
Qe2 1-0

[Event "I Open Blau Escacs Calvia 2015 "]
[Site "Calvià ESP"]
[Date "2015.04.15"]
[Round "5.8"]
[White "Juan Mas, Santiago"]
[Black "Eggleston, David J"]
[Result "0-1"]
[WhiteElo "1982"]
[BlackElo "2424"]
[PlyCount "80"]
[EventDate "2015.04.11"]
[EventType "swiss"]
[EventRounds "9"]
[EventCountry "ESP"]
[Source "lmi"]
[SourceDate "2015.04.11"]

1. Nf3 Nf6 2. c4 b6 3. g3 Bb7 4. Bg2 e6 5. O-O Be7 6. b3 O-O 7. Bb2 d5 8. d4 c5
9. Nbd2 Nc6 10. e3 Rc8 11. Qe2 Ne4 12. Nxe4 dxe4 13. Ne5 f5 14. Rad1 cxd4 15.
exd4 Nxe5 16. dxe5 Qc7 17. Kh1 Rcd8 18. Rxd8 Rxd8 19. Rd1 Bc6 20. Kg1 Bc5 21.
Bc3 a5 22. Rxd8+ Qxd8 23. Qd2 Qe7 24. h4 h6 25. Bd4 Qd7 26. Be3 Qxd2 27. Bxd2
Bd4 28. Be3 Bxe5 29. Bxb6 Bc3 30. a3 g5 31. hxg5 hxg5 32. Be3 g4 33. Bc5 e5 34.
b4 f4 35. b5 Bb7 36. Bd6 e3 37. fxe3 fxe3 38. Bf1 Bf3 39. c5 e2 40. Bxe2 Bxe2
0-1

[Event "I Open Blau Escacs Calvia 2015 "]
[Site "Calvià ESP"]
[Date "2015.04.15"]
[Round "5.9"]
[White "Crespi Lopez, Joan"]
[Black "Rhein, Klaus"]
[Result "0-1"]
[WhiteElo "1980"]
[BlackElo "2208"]
[PlyCount "120"]
[EventDate "2015.04.11"]
[EventType "swiss"]
[EventRounds "9"]
[EventCountry "ESP"]
[Source "lmi"]
[SourceDate "2015.04.11"]

1. d4 e6 2. Nf3 f5 3. g3 Nf6 4. Bg2 Be7 5. c4 O-O 6. O-O d6 7. Nc3 Ne4 8. Qc2
Nxc3 9. bxc3 Nc6 10. Rd1 Qe8 11. Bg5 e5 12. e4 Bxg5 13. Nxg5 f4 14. c5 Qg6 15.
d5 Nd8 16. cxd6 cxd6 17. Ne6 Bxe6 18. dxe6 Qxe6 19. Qb3 Qxb3 20. axb3 fxg3 21.
hxg3 Rf6 22. Bf1 Kf8 23. Bc4 Ke7 24. Bd5 Rf3 25. Rdc1 a6 26. Kg2 Rf6 27. b4 Rc8
28. Ra2 Nc6 29. Raa1 Rc7 30. Bg8 h6 31. Bd5 Rf8 32. Rcb1 Nd8 33. c4 Ne6 34. b5
axb5 35. Rxb5 Nc5 36. Rb6 Kd7 37. Ra3 Ke7 38. Rf3 Rxf3 39. Kxf3 Nd7 40. Rxb7
Rxb7 41. Bxb7 Kf6 42. Bd5 g5 43. g4 Ke7 44. Ke3 Kd8 45. Kd3 Kc7 46. Kc3 Kb6 47.
Kb4 Nc5 48. Kc3 Ka5 49. Bf7 Kb6 50. Bd5 Ka5 51. Bc6 Ne6 52. Bd7 Nf4 53. Be8 Kb6
54. Ba4 Kc5 55. Bd1 Nh3 56. f3 Ng1 57. Kd3 Kb4 58. Ke3 Kxc4 59. Ba4 Nh3 60. Bd7
Nf4 0-1

[Event "I Open Blau Escacs Calvia 2015 "]
[Site "Calvià ESP"]
[Date "2015.04.15"]
[Round "5.10"]
[White "Gavrish, Leonid"]
[Black "Lazarte Anello, David Emiliano"]
[Result "1-0"]
[WhiteElo "2157"]
[BlackElo "1951"]
[PlyCount "91"]
[EventDate "2015.04.11"]
[EventType "swiss"]
[EventRounds "9"]
[EventCountry "ESP"]
[Source "lmi"]
[SourceDate "2015.04.11"]

1. d4 Nf6 2. c4 c5 3. d5 b5 4. cxb5 a6 5. bxa6 g6 6. Nc3 Bxa6 7. f4 Qa5 8. Bd2
Qb6 9. Nf3 d6 10. Qc2 Bg7 11. a3 Qb7 12. e4 Bxf1 13. Rxf1 O-O 14. h3 e6 15.
dxe6 fxe6 16. Ng5 Re8 17. e5 Nd5 18. Nce4 Nc6 19. Nxd6 Nd4 20. Qb1 Qa6 21. Qe4
Ne3 22. Qxe3 Nc2+ 23. Kf2 Nxe3 24. Kxe3 Red8 25. Bc3 Rxd6 26. exd6 Bxc3 27.
bxc3 Qxd6 28. Rfd1 Qc6 29. Ne4 Ra4 30. Rd8+ Kg7 31. Ng5 h6 32. Rad1 hxg5 33.
R1d7+ Qxd7 34. Rxd7+ Kf6 35. fxg5+ Kxg5 36. Rc7 c4 37. Rc5+ Kh4 38. Kf3 g5 39.
g3+ Kxh3 40. Rxg5 Kh2 41. Rh5+ Kg1 42. Rc5 Rxa3 43. Rxc4 Ra2 44. g4 Rf2+ 45.
Kg3 e5 46. Re4 1-0

[Event "I Open Blau Escacs Calvia 2015 "]
[Site "Calvià ESP"]
[Date "2015.04.15"]
[Round "5.11"]
[White "Taborda Cembalo, Luciano"]
[Black "Altschuler, Jason"]
[Result "0-1"]
[WhiteElo "1444"]
[BlackElo "2089"]
[PlyCount "86"]
[EventDate "2015.04.11"]
[EventType "swiss"]
[EventRounds "9"]
[EventCountry "ESP"]
[Source "lmi"]
[SourceDate "2015.04.11"]

1. e4 e5 2. Nf3 Nc6 3. Bb5 a6 4. Ba4 Nf6 5. O-O Be7 6. Re1 b5 7. Bb3 O-O 8. c3
d6 9. h3 Bb7 10. d4 Re8 11. a4 Bf8 12. Bg5 h6 13. Bh4 g5 14. Nxg5 hxg5 15. Bxg5
Bg7 16. Re3 exd4 17. Rg3 Kf8 18. cxd4 Rxe4 19. Nc3 Rxd4 20. Qc1 Ne5 21. Bh6 Ng6
22. Bc2 Ne4 23. Bxe4 Rxe4 24. Nxe4 Bxe4 25. Bxg7+ Kxg7 26. h4 Qxh4 27. axb5
axb5 28. Rxa8 Bxa8 29. Qxc7 Qd4 30. Qc8 Bd5 31. Rh3 Nf4 32. Rg3+ Kf6 33. Kh2
Qe5 34. Qc3 Qxc3 35. bxc3 Nxg2 36. Rxg2 Bxg2 37. Kxg2 Ke5 38. Kf3 Kd5 39. Ke3
Kc4 40. Kd2 d5 41. f4 f5 42. Kc2 d4 43. cxd4 Kxd4 0-1

[Event "I Open Blau Escacs Calvia 2015 "]
[Site "Calvià ESP"]
[Date "2015.04.15"]
[Round "5.12"]
[White "Ruiz Viñals, Matias"]
[Black "Gimenez Garcia, Emilio"]
[Result "1-0"]
[WhiteElo "2009"]
[BlackElo "1913"]
[PlyCount "125"]
[EventDate "2015.04.11"]
[EventType "swiss"]
[EventRounds "9"]
[EventCountry "ESP"]
[Source "lmi"]
[SourceDate "2015.04.11"]

1. d4 d5 2. c4 e6 3. Nc3 Nf6 4. cxd5 exd5 5. Bg5 Be7 6. e3 h6 7. Bh4 c6 8. Bd3
O-O 9. Qc2 Be6 10. Nge2 Nh5 11. Bxe7 Qxe7 12. O-O Nd7 13. f3 f5 14. Rae1 Qg5
15. Nc1 Rae8 16. Qd1 g6 17. Kh1 f4 18. exf4 Nxf4 19. Rg1 Nh5 20. N1e2 Ndf6 21.
Qc1 Kg7 22. Qxg5 hxg5 23. g4 Nf4 24. Nxf4 gxf4 25. Re5 Nd7 26. Re2 g5 27. Rge1
Rf6 28. Kg2 Rh6 29. Bf5 Kf7 30. Nd1 Nb6 31. Nf2 Nc4 32. Nd1 Nd6 33. Bd3 Bd7 34.
Rxe8 Bxe8 35. Nf2 Re6 36. Rxe6 Kxe6 37. h4 c5 38. dxc5 Nf7 39. h5 Nh6 40. Kf1
Ke5 41. Ke2 Bc6 42. Kd2 Bd7 43. b4 Kf6 44. Kc3 Ke5 45. b5 Nf7 46. a4 Nh6 47.
Bg6 a6 48. bxa6 bxa6 49. a5 d4+ 50. Kb4 Bc6 51. Be4 Bb5 52. Nd3+ Ke6 53. Nb2
Ke5 54. c6 Kd6 55. c7 Kxc7 56. Kc5 Nf7 57. Kxd4 Kd6 58. Nd3 Bxd3 59. Bxd3 Ne5
60. Ke4 Nc6 61. Bxa6 Nxa5 62. h6 Nb3 63. h7 1-0

[Event "I Open Blau Escacs Calvia 2015 "]
[Site "Calvià ESP"]
[Date "2015.04.15"]
[Round "5.13"]
[White "Cemborain Oricain, Alfonso"]
[Black "Planas Gene, Juan"]
[Result "0-1"]
[WhiteElo "1892"]
[BlackElo "2062"]
[PlyCount "95"]
[EventDate "2015.04.11"]
[EventType "swiss"]
[EventRounds "9"]
[EventCountry "ESP"]
[Source "lmi"]
[SourceDate "2015.04.11"]

1. e4 e5 2. Nf3 Nf6 3. Nc3 Nc6 4. d4 exd4 5. Nxd4 Nxe4 6. Nxe4 Qe7 7. Nb5 Qxe4+
8. Be2 Nb4 9. O-O Qc6 10. Bf4 d6 11. a4 a6 12. Bf3 Qd7 13. Qe1+ Be7 14. Qxb4
axb5 15. axb5 Rxa1 16. Rxa1 O-O 17. Qc4 Bf6 18. c3 Re8 19. h3 Qe7 20. Bd2 Be6
21. Qd3 d5 22. Ra7 Qd6 23. Rxb7 Ra8 24. g3 Bc8 25. Qxd5 Qxd5 26. Bxd5 Bxb7 27.
Bxb7 Ra2 28. Bf4 Rxb2 29. c4 Bd4 30. Bxc7 Bxf2+ 31. Kf1 Bc5 32. Bd5 Kf8 33. Ke1
f6 34. Kd1 Ke7 35. Kc1 Ba3 36. Kd1 Bd6 37. Bxd6+ Kxd6 38. Ke1 g5 39. Bf3 Kc5
40. Be2 Kd4 41. Kf2 f5 42. Kf3 h5 43. Kf2 Rc2 44. Kf3 g4+ 45. hxg4 fxg4+ 46.
Kf2 Rb2 47. Ke1 Ke3 48. c5 0-1

[Event "I Open Blau Escacs Calvia 2015 "]
[Site "Calvià ESP"]
[Date "2015.04.15"]
[Round "5.14"]
[White "Asensio Ramos, Enrique Fernand"]
[Black "Fullana Benito, David"]
[Result "1-0"]
[WhiteElo "2045"]
[BlackElo "1880"]
[PlyCount "105"]
[EventDate "2015.04.11"]
[EventType "swiss"]
[EventRounds "9"]
[EventCountry "ESP"]
[Source "lmi"]
[SourceDate "2015.04.11"]

1. d4 d5 2. Bf4 Bf5 3. e3 Nf6 4. Nf3 e6 5. Be2 Nbd7 6. Nbd2 c5 7. c3 Qb6 8. Qc1
Rc8 9. Nh4 Bg6 10. O-O cxd4 11. exd4 Bd6 12. Bxd6 Qxd6 13. f4 O-O 14. Nxg6 fxg6
15. Qe1 Rf7 16. Qh4 Nh5 17. g3 Nhf6 18. Bd3 Nb6 19. Nf3 Nc4 20. Bxc4 dxc4 21.
Rae1 b5 22. Qh3 Re7 23. a3 a5 24. Re5 Nd5 25. Ng5 h6 26. Nxe6 Rce8 27. Nc5 b4
28. Ne4 Qc6 29. axb4 axb4 30. Re1 Rxe5 31. fxe5 Rb8 32. Qg2 Qb6 33. Nc5 Rd8 34.
Qf3 bxc3 35. bxc3 Ne7 36. e6 Kh7 37. Nd7 Qd6 38. Qf7 Qa6 39. Nf8+ Kh8 40. Nxg6+
Nxg6 41. e7 Nxe7 42. Qxe7 Qa5 43. Re5 Qa1+ 44. Kg2 Qa8+ 45. Kh3 Rf8 46. d5 Rd8
47. Qf7 Qc8+ 48. Qe6 Qb8 49. Re4 Qb1 50. Qg6 Qf1+ 51. Kh4 Qd3 52. d6 Qxd6 53.
Re8+ 1-0

[Event "I Open Blau Escacs Calvia 2015 "]
[Site "Calvià ESP"]
[Date "2015.04.15"]
[Round "5.15"]
[White "Dadello, Andrzej"]
[Black "Navarrete Terrasa, Sebastian"]
[Result "0-1"]
[WhiteElo "1801"]
[BlackElo "2015"]
[PlyCount "50"]
[EventDate "2015.04.11"]
[EventType "swiss"]
[EventRounds "9"]
[EventCountry "ESP"]
[Source "lmi"]
[SourceDate "2015.04.11"]

1. c4 e5 2. Nc3 Nc6 3. g3 g6 4. Bg2 Bg7 5. d3 d6 6. Nf3 h6 7. Nd5 Be6 8. Bd2
Qd7 9. Qc1 Nd8 10. h3 c6 11. Nc3 Ne7 12. e4 f5 13. b3 Nf7 14. Qc2 O-O 15. Rd1
d5 16. cxd5 cxd5 17. exd5 Nxd5 18. Nxd5 Bxd5 19. O-O Rac8 20. Qb1 Rfd8 21. Nh4
Bxg2 22. Kxg2 g5 23. Nf3 Qd5 24. g4 e4 25. dxe4 fxe4 0-1

[Event "I Open Blau Escacs Calvia 2015 "]
[Site "Calvià ESP"]
[Date "2015.04.15"]
[Round "5.16"]
[White "Vicens Company, Maria Antonia"]
[Black "Dadello, Aleksandra"]
[Result "0-1"]
[WhiteElo "1744"]
[BlackElo "1986"]
[PlyCount "64"]
[EventDate "2015.04.11"]
[EventType "swiss"]
[EventRounds "9"]
[EventCountry "ESP"]
[Source "lmi"]
[SourceDate "2015.04.11"]

1. c4 e5 2. Nc3 Nf6 3. g3 Bb4 4. Bg2 O-O 5. Nf3 Re8 6. O-O e4 7. Nd4 Nc6 8. Nc2
Bxc3 9. dxc3 b6 10. Ne3 Bb7 11. b3 d6 12. Nd5 Ne5 13. f4 exf3 14. exf3 Ned7 15.
Bg5 h6 16. Bf4 Nxd5 17. cxd5 Qf6 18. c4 Re7 19. Re1 Rae8 20. Rxe7 Rxe7 21. Rc1
g5 22. Bd2 Qd4+ 23. Kh1 Nc5 24. Bc3 Qe3 25. Bd4 Qe2 26. Bf1 Qxa2 27. Bf6 Re8
28. Bc3 f6 29. Bxf6 Qxb3 30. Qd4 Qxf3+ 31. Bg2 Qe3 32. Qb2 Nd3 0-1

[Event "I Open Blau Escacs Calvia 2015 "]
[Site "Calvià ESP"]
[Date "2015.04.15"]
[Round "5.17"]
[White "Paterson, Andrew I"]
[Black "Terradas Calafell, Jaume"]
[Result "1-0"]
[WhiteElo "1986"]
[BlackElo "1721"]
[PlyCount "61"]
[EventDate "2015.04.11"]
[EventType "swiss"]
[EventRounds "9"]
[EventCountry "ESP"]
[Source "lmi"]
[SourceDate "2015.04.11"]

1. e4 e6 2. d4 d5 3. Nd2 Nf6 4. e5 Nfd7 5. Bd3 c5 6. c3 Nc6 7. Ne2 cxd4 8. cxd4
f6 9. exf6 Nxf6 10. O-O Bd6 11. Nf3 Qc7 12. Nc3 a6 13. Bg5 O-O 14. Bh4 Nh5 15.
Rc1 g6 16. Re1 Rxf3 17. Qxf3 Bxh2+ 18. Kh1 Bf4 19. Nxd5 Nxd4 20. Qxh5 Qf7 21.
Nf6+ Kh8 22. Bxg6 Qxg6 23. Qxg6 hxg6 24. Rc4 g5 25. Rxd4 e5 26. Rd8+ Kg7 27.
Nh5+ Kg6 28. Nxf4+ exf4 29. Ree8 gxh4 30. Rxc8 Ra7 31. Ra8 1-0

[Event "I Open Blau Escacs Calvia 2015 "]
[Site "Calvià ESP"]
[Date "2015.04.15"]
[Round "5.18"]
[White "Galiana Moll, Ramon Aron"]
[Black "Kopylov, Daniel"]
[Result "1/2-1/2"]
[WhiteElo "1944"]
[BlackElo "1813"]
[PlyCount "81"]
[EventDate "2015.04.11"]
[EventType "swiss"]
[EventRounds "9"]
[EventCountry "ESP"]
[Source "lmi"]
[SourceDate "2015.04.11"]

1. e4 e6 2. d4 d5 3. e5 c5 4. c3 Qb6 5. Nf3 Nc6 6. a3 Nh6 7. b4 cxd4 8. cxd4
Nf5 9. Bb2 Bd7 10. Be2 Na5 11. Nbd2 Rc8 12. Rc1 Nc6 13. Nb3 f6 14. O-O fxe5 15.
Nxe5 Nxe5 16. Rxc8+ Bxc8 17. dxe5 Be7 18. g4 Nh4 19. Bd4 Qc7 20. Bb5+ Bd7 21.
Bxd7+ Qxd7 22. Nc5 Qc6 23. f4 O-O 24. Qd3 b6 25. Nb3 Qc4 26. Qg3 Ng6 27. Rc1
Qa6 28. Be3 Qxa3 29. Nd4 Bh4 30. Qf3 Nxe5 31. Qe2 Nxg4 32. Nc2 Bf2+ 33. Kh1
Bxe3 34. Nxa3 Nf2+ 35. Kg2 Bxc1 36. Qxe6+ Kh8 37. Qd6 Rg8 38. Nb5 Nd3 39. f5 a5
40. Nc7 Bf4 41. Qxd5 1/2-1/2

[Event "I Open Blau Escacs Calvia 2015 "]
[Site "Calvià ESP"]
[Date "2015.04.15"]
[Round "5.19"]
[White "Adrian, Claude"]
[Black "Llabres Coll, Juan"]
[Result "1-0"]
[WhiteElo "2197"]
[BlackElo "1656"]
[PlyCount "58"]
[EventDate "2015.04.11"]
[EventType "swiss"]
[EventRounds "9"]
[EventCountry "ESP"]
[Source "lmi"]
[SourceDate "2015.04.11"]

1. Nf3 g6 2. d4 Bg7 3. c4 d6 4. Nc3 Bg4 5. g3 Nd7 6. Bg2 Ngf6 7. O-O O-O 8. Qc2
c6 9. e4 e5 10. Be3 Qc7 11. h3 Bxf3 12. Bxf3 a6 13. Bg2 Rac8 14. Rac1 Rfd8 15.
Rfd1 Nb6 16. b3 Nbd7 17. Re1 b6 18. Kh2 c5 19. d5 Qb8 20. a3 Rc7 21. f4 Nh5 22.
Rf1 Rf8 23. f5 Nhf6 24. Qd2 Qe8 25. g4 h5 26. Bf3 hxg4 27. Bxg4 Nh7 28. Rh1 f6
29. Kg2 a5 1-0

[Event "I Open Blau Escacs Calvia 2015 "]
[Site "Calvià ESP"]
[Date "2015.04.15"]
[Round "5.20"]
[White "Boix Pons, Catalina"]
[Black "Vicens Company, Francesc"]
[Result "0-1"]
[WhiteElo "1914"]
[BlackElo "1517"]
[PlyCount "120"]
[EventDate "2015.04.11"]
[EventType "swiss"]
[EventRounds "9"]
[EventCountry "ESP"]
[Source "lmi"]
[SourceDate "2015.04.11"]

1. d4 d5 2. c4 dxc4 3. e4 b5 4. a4 c6 5. Nf3 e6 6. Be2 Nf6 7. Bg5 Be7 8. Qc2
Bb7 9. Nbd2 Nbd7 10. O-O a6 11. Rfd1 O-O 12. e5 Nd5 13. Bxe7 Qxe7 14. Ne4 f5
15. Nd6 N7b6 16. b3 c3 17. a5 Nc8 18. Nxc8 Raxc8 19. Ne1 c5 20. dxc5 Nf4 21.
Bf1 Rxc5 22. g3 Nd5 23. Nd3 Rcc8 24. Rab1 f4 25. b4 fxg3 26. hxg3 Ba8 27. Bg2
Rc4 28. Re1 Nxb4 29. Nxb4 Bxg2 30. Kxg2 Rxb4 31. Qxc3 Rc4 32. Qd3 Qc5 33. Re3
Ra4 34. Rh1 Qd5+ 35. Qxd5 exd5 36. Rd1 Rd8 37. e6 Rxa5 38. Rxd5 Re8 39. Rd7 b4
40. Rb7 Rb5 41. Rxb5 axb5 42. Re5 Rb8 43. e7 Kf7 44. e8=Q+ Rxe8 45. Rxb5 Re4
46. Kf3 Rc4 47. Ke3 Rc3+ 48. Kd2 Rb3 49. Kc2 Rf3 50. Rxb4 Rxf2+ 51. Kd1 Kg6 52.
Ke1 Rf6 53. Rg4+ Kf7 54. Ke2 h5 55. Ra4 g5 56. Ke3 Kg6 57. Ra8 g4 58. Rg8+ Kh7
59. Rg5 Kh6 60. Rg8 Rf3+ 0-1

[Event "I Open Blau Escacs Calvia 2015 "]
[Site "Calvià ESP"]
[Date "2015.04.15"]
[Round "5.21"]
[White "Garcia Comendador, Simon"]
[Black "Carranza Pons, Ricardo Nelson"]
[Result "1-0"]
[WhiteElo "1687"]
[BlackElo "1782"]
[PlyCount "77"]
[EventDate "2015.04.11"]
[EventType "swiss"]
[EventRounds "9"]
[EventCountry "ESP"]
[Source "lmi"]
[SourceDate "2015.04.11"]

1. e4 e5 2. Nc3 Nc6 3. f4 exf4 4. Nf3 d6 5. d4 g5 6. Bb5 Bd7 7. O-O a6 8. Bxc6
Bxc6 9. d5 Bd7 10. Qd4 Qf6 11. Qxf6 Nxf6 12. Nxg5 h6 13. Nf3 O-O-O 14. Bxf4 Nh5
15. Ne1 Nxf4 16. Rxf4 Rh7 17. Nd3 Be7 18. Raf1 Rf8 19. h4 Rg7 20. Kh1 Be8 21.
Nd1 Kd8 22. Ne3 h5 23. Nf5 Rg4 24. Nxe7 Kxe7 25. Rxg4 hxg4 26. Kh2 Rg8 27. Kg3
Bd7 28. Rf4 f5 29. exf5 Kf6 30. Rxg4 Rxg4+ 31. Kxg4 Bxf5+ 32. Kf4 Bd7 33. g4
Kg6 34. h5+ Kf6 35. g5+ Kg7 36. h6+ Kg6 37. Ne1 Bh3 38. Nf3 Kh5 39. h7 1-0

[Event "I Open Blau Escacs Calvia 2015 "]
[Site "Calvià ESP"]
[Date "2015.04.15"]
[Round "5.23"]
[White "Adrian, Leopold"]
[Black "Orcera Gomez, Francisco"]
[Result "0-1"]
[WhiteElo "1579"]
[BlackElo "1723"]
[PlyCount "50"]
[EventDate "2015.04.11"]
[EventType "swiss"]
[EventRounds "9"]
[EventCountry "ESP"]
[Source "lmi"]
[SourceDate "2015.04.11"]

1. d4 d5 2. c4 c6 3. Nf3 Nf6 4. Nc3 e6 5. cxd5 exd5 6. Qc2 Bb4 7. Bg5 Nbd7 8.
e3 Qa5 9. Bd3 h6 10. Bh4 O-O 11. O-O Re8 12. Bxf6 Nxf6 13. Ne5 Bd6 14. Nf3 Bg4
15. Nd2 Rad8 16. f3 Bh5 17. e4 dxe4 18. fxe4 Qb6 19. Nb3 Ng4 20. Be2 Ne3 21.
Qc1 Nxf1 22. Bxh5 Nxh2 23. Na4 Qb5 24. Nc3 Qxh5 25. e5 Bb4 0-1

[Event "I Open Blau Escacs Calvia 2015 "]
[Site "Calvià ESP"]
[Date "2015.04.15"]
[Round "5.24"]
[White "Adrian, Lucien"]
[Black "Scholl, Alois"]
[Result "0-1"]
[WhiteElo "1288"]
[BlackElo "1700"]
[PlyCount "49"]
[EventDate "2015.04.11"]
[EventType "swiss"]
[EventRounds "9"]
[EventCountry "ESP"]
[Source "lmi"]
[SourceDate "2015.04.11"]

1. d4 e6 2. c4 f5 3. Nf3 Nf6 4. Nc3 g6 5. Bg5 Bg7 6. e4 fxe4 7. Nxe4 O-O 8. Bd3
d5 9. cxd5 Qxd5 10. Nxf6+ Bxf6 11. Bxf6 Rxf6 12. O-O Nc6 13. Bc2 Bd7 14. Bb3
Qd6 15. d5 exd5 16. Bxd5+ Kg7 17. Ng5 Rf5 18. Bxc6 Bxc6 19. f4 Qf6 20. Qd2 h6
21. Nh3 Re8 22. Qc3 Rf8 23. Qd2 Rd8 24. Qc3 Qd4+ 25. Kh1 0-1

[Event "I Open Blau Escacs Calvia 2015 "]
[Site "Calvià ESP"]
[Date "2015.04.15"]
[Round "5.26"]
[White "Adrian, Louise"]
[Black "Pons Escanellas, Antonio M"]
[Result "1-0"]
[WhiteElo "1499"]
[BlackElo "1376"]
[PlyCount "77"]
[EventDate "2015.04.11"]
[EventType "swiss"]
[EventRounds "9"]
[EventCountry "ESP"]
[Source "lmi"]
[SourceDate "2015.04.11"]

1. c4 Nf6 2. d4 d5 3. cxd5 Qxd5 4. Nc3 Qd8 5. e4 e6 6. Nf3 h6 7. a3 c6 8. Bf4
Be7 9. Be2 Nbd7 10. O-O Nh5 11. Be3 Nhf6 12. b4 b5 13. Qc2 Qc7 14. Nxb5 Qb7 15.
Nc3 Ng4 16. Bf4 g5 17. Bg3 Ngf6 18. Rfc1 Nh5 19. Na4 Nxg3 20. fxg3 Nf6 21. e5
Nd5 22. Nc5 Bxc5 23. Qxc5 Bd7 24. Nd2 Qb6 25. Ne4 Qxc5 26. Rxc5 Ke7 27. Rf1 f5
28. exf6+ Kf7 29. Bh5+ Kf8 30. Rcc1 Ne3 31. Rf3 Nf5 32. Nc5 Bc8 33. Rd3 a5 34.
bxa5 Rh7 35. Re1 Ng7 36. fxg7+ Rxg7 37. Nxe6+ Bxe6 38. Rxe6 Rxa5 39. Re8# 1-0

[Event "I Open Blau Escacs Calvia 2015 "]
[Site "Calvià ESP"]
[Date "2015.04.15"]
[Round "5.27"]
[White "Lewandowski, Richard"]
[Black "Moreno Jimenez, Alejandro"]
[Result "1-0"]
[WhiteElo "1497"]
[BlackElo "1260"]
[PlyCount "53"]
[EventDate "2015.04.11"]
[EventType "swiss"]
[EventRounds "9"]
[EventCountry "ESP"]
[Source "lmi"]
[SourceDate "2015.04.11"]

1. d4 d5 2. c4 Nf6 3. Nc3 Be6 4. Bf4 dxc4 5. e4 Nc6 6. d5 Bg4 7. f3 Bh5 8. dxc6
bxc6 9. Qxd8+ Rxd8 10. Rd1 Rb8 11. Rd2 e6 12. Bxc7 Rb7 13. Bg3 Nd7 14. Bxc4 Bc5
15. Bf2 Ne5 16. Bf1 Bb4 17. a3 Ba5 18. b4 Bc7 19. b5 Bb6 20. Nh3 f5 21. Be2
fxe4 22. Nxe4 O-O 23. O-O g5 24. Nexg5 Bd8 25. Nxe6 Bxf3 26. Nxf8 Bxe2 27. Rxe2
1-0